Thank you, IDI amin: (Record no. 42201)

MARC details
000 -LEADER
fixed length control field 00745nam a22002057a 4500
005 - DATE AND TIME OF LATEST TRANSACTION
control field 2010081401351.0
010 ## - LCCN (DPL NO)
LC control number ENG-100657
020 ## - INTERNATIONAL STANDARD BOOK NUMBER
International Standard Book Number 9788190901376
Terms of availability 595.00
035 ## - SYSTEM CONTROL NUMBER
System control number EN-84190
037 ## - SOURCE OF ACQUISITION
Source of stock number/acquisition DBAD/PUB
082 ## - DEWEY DECIMAL CLASSIFICATION NUMBER
Classification number 808.883
100 ## - MAIN ENTRY--PERSONAL NAME
Personal name Tejani, Mohezin
245 ## - TITLE STATEMENT
Title Thank you, IDI amin:
Statement of responsibility, etc by Mohezin Tejani
Remainder of title a memoir of the Asian exodus /
260 ## - PUBLICATION, DISTRIBUTION, ETC. (IMPRINT)
Place of publication, distribution, etc New Delhi
Name of publisher, distributor, etc Global Vision Press
Date of publication, distribution, etc 2010
270 ## - ADDRESS
City New Delhi
Postal code 110002
Address 4855/24, Ansari Road, Daryaganj,
300 ## - PHYSICAL DESCRIPTION
Extent xiii, 256p.
Dimensions 22cm (Hb)
650 ## - SUBJECT ADDED ENTRY--TOPICAL TERM
Topical term or geographic name as entry element Memoire
942 ## - ADDED ENTRY ELEMENTS (KOHA)
Source of classification or shelving scheme Dewey Decimal Classification
Item type English Books
Classification part 808.883
Call number suffix TEJ
Holdings
Withdrawn status Lost status Not for loan Collection code Home library Current library Date acquired Source of acquisition Cost, normal purchase price Full call number Barcode Copy number Cost, replacement price Koha item type
    Not For Loan Non-fiction D.B.Act.Division D.B.Act.Division 16/08/2010 DBAD/PUB 595.00 808.883 TEJ EN-84190 1 595.00 English Books

© Delhi Public Library
Hit Counter
free hit counter